| 000 | 01092cam a22003497a 4500 | ||
|---|---|---|---|
| 003 | CHAP | ||
| 005 | 20220817043836.0 | ||
| 008 | 000616d1998 it r 00010 eng d | ||
| 010 | _a85825 | ||
| 011 | _a86797 | ||
| 020 | _a9250045778 | ||
| 035 | _a97337 | ||
| 040 | _cCHAP | ||
| 082 | 1 | 0 |
_a639.2 _bF46y v.644 |
| 110 | 2 | _aFAO | |
| 245 | 1 | 0 |
_aReport of the session of the committe for Inland fisheries of Africa (11) _c/ by FAO |
| 260 |
_aRome : _bFAO, _c2000. |
||
| 300 | _a53 p. | ||
| 490 | 0 |
_aFAO. Informe de pesca _v;644 |
|
| 500 | _aEd. bilingüe (inglés. francés) | ||
| 590 |
_aBATCH-UPD _b10 _c20130110 _lUCH01 _h0536 |
||
| 590 |
_aBATCH-UPD _b10 _c20130410 _lUCH01 _h0216 |
||
| 590 |
_aBATCH-UPD _b10 _c20130914 _lUCH01 _h1349 |
||
| 590 |
_aCONVERSION _b10 _c20130109 _lUCH01 _h1348 |
||
| 650 | 1 | 4 |
_aPesca _xAfrica. _987354 |
| 650 | 1 | 4 |
_aPesquería _xAfrica. _987498 |
| 830 | 0 |
_aFAO. Informe de pesca _v;644 _939587 |
|
| 901 | _aBK | ||
| 905 | _aAlejandra Carrasco M. | ||
| 942 | _cLIBRO | ||
| 949 |
_a639.2 F46y v. 644 _bBC _cFAO _d33724000865168 _eFAO1 _gDonaciØn _h102617 _i97337 _sb |
||
| 999 |
_c85825 _d85825 |
||